000 00684nam a2200217 i 4500
001 136889
003 ES-MaACL
005 20230906195245.0
007 t|
008 070214s1973 sp r ||||1| spa d
100 1 _aSaidy, Anthony.
_9101490
245 1 3 _aLa batalla de las ideas en ajedrez /
_cAnthony Saidy ; traducción de Mariano Orta Manzano.
260 _aBarcelona :
_bMartínez Roca,
_c1973.
300 _a204 p. :
_bil. ;
_c20 cm.
490 1 _aColección Escaques ;
_v42
650 0 4 _aAjedrez.
_99707
700 1 _aOrta Manzano, Mariano.
_987384
830 0 _aColección Escaques ;
_v42
_9183705
852 _aES-MaACL
_jC-54353
_bR.87169
999 _c136889
_d136889